| 000 | 00741nam a22002057a 4500 | ||
|---|---|---|---|
| 999 |
_c4351 _d4351 |
||
| 003 | AR-CdUCM | ||
| 008 | 190308b ||||| |||| 00| 0 spa d | ||
| 040 |
_aMUNICIPALIDAD PROVINCIAL DEL CUSCO _cBIBLIOTECA MUNICIPAL DEL CUSCO |
||
| 082 |
_a869.56 / _bG71 |
||
| 100 |
_aGonzález Viaña, Eduardo _9194 |
||
| 245 | _aEl correo de Salem / | ||
| 260 |
_aLima : _bMosca azul editores, _c1998. |
||
| 300 |
_a195 paginas ; _c20 cm. |
||
| 505 | _aContenido :Confesiones de boca -- Vuelo por encima del miedo -- El poeta joven del Perú -- Usted por usted mismo -- Uña de gato ... | ||
| 650 |
_aLiteratura peruana _9169 |
||
| 650 |
_aNovelas biográficas _98189 |
||
| 650 |
_aLiteratura del siglo xx _97647 |
||
| 942 |
_2ddc _cLIBROS |
||
| 945 | _arum | ||